000 003550000a22001570004500
001 002549
003 MACL
040 _aMACL
090 _c14542
_d14541
100 _aPuri, Manohar
245 _aArt of Journalism
_cManohar Puri
260 _aPragun Publications,
_c2006
350 _a950
650 _aJournalism,Publishing newspaper
942 _k70
_cBook
999 _c14459
_d14459